[Event "CZE Extraliga 2019-20"]
[Site "Czech Republic"]
[Date "2020.01.25"]
[Round "5.1"]
[White "Harikrishna, Pentala"]
[Black "Gonda, Laszlo"]
[Result "1/2-1/2"]
[WhiteElo "2746"]
[BlackElo "2541"]
[Annotator "TA"]
[PlyCount "98"]
[EventDate "2019.09.15"]
[EventType "team-tourn"]
[EventCountry "CZE"]
[SourceTitle "playchess.com"]
[Source "ChessBase"]
[SourceQuality "1"]

{[%evp 18,98,15,0,5,0,7,-8,-8,-14,-13,-23,-8,-40,-34,-38,-30,-49,-45,-54,-54,-81,-74,-75,-67,-86,-66,-90,-26,-189,-182,-154,-99,-151,-148,-463,-432,-504,-518,-523,-130,-497,-278,-276,-287,-281,-243,-370,-288,-349,-351,-339,-332,-324,-315,-299,-299,-389,-399,-347,-330,-336,-327,-313,-313,-306,-306,-295,-295,-295,-290,-286,-277,-279,-262,-210,-128,-128,-128,-143,-351,-304,0]} 1. d4 Nf6 2. Nf3 d5 3. c4 e6 4. Nc3 Nbd7 5. cxd5 exd5 6. Bf4 c6 7. e3 Nh5 8. Bg5 Be7 9. Bxe7 Qxe7 10. Qc2 Nb6 {D35: Queen's Gambit Declined: Exchange Variation} 11. h3 g6 12. O-O-O (12. g4 {keeps more tension.} Nf6 13. Bd3 Be6 14. a3 Nfd7 15. O-O-O) 12... Bf5 {The position is equal.} 13. Bd3 Bxd3 {[#]} 14. Rxd3 $146 ({Predecessor:} 14. Qxd3 O-O-O 15. Kb1 Kb8 16. Rhe1 Rhe8 17. Ne5 f6 18. Nf3 {0-1 (68) Radjabov,T (2533)-Sokolov,I (2659) Malmo 2001}) 14... Nf6 15. Nd2 O-O 16. g4 a5 {[%cal Ba7a5,Ba5a4][%mdl 32]} 17. f3 a4 18. Kb1 Nc4 19. e4 b5 20. e5 Nd7 21. f4 b4 22. Nxa4 Ra6 (22... Ra5 $1 $17 {Strongly threatening ...Rfa8.} 23. Nxc4 dxc4) 23. Ka1 $2 (23. Nc5 $1 $11 {and White has nothing to worry.} Nxc5 24. dxc5) 23... b3 $36 {[%mdl 2048] Black has strong initiative.} 24. axb3 Nxd2 (24... Ndb6 $142 25. Kb1 Qa7) 25. Qxd2 {[#]} (25. Rxd2 $142 Nb6 26. Kb1 (26. Qxc6 $2 Qa7 $19)) 25... c5 $1 $17 {[%cal Rc5c4]} 26. Qc2 $2 {[%mdl 8192]} (26. dxc5 $17 Nxc5 27. Rc1) 26... Rfa8 27. dxc5 Nxc5 28. Rd4 Rb8 $2 (28... Qb7 $19 {is more deadly.} 29. Ka2 Rb8) 29. Ka2 $2 {[%mdl 8192]} (29. Kb1 $17 {was the crucial defense.} Nxb3 30. Rd3) 29... Nxb3 (29... Qb7 $142 30. Rhd1 Nxb3) 30. Qxb3 $19 Rxb3 31. Kxb3 {[#]} Qh4 $1 32. Rb4 (32. Ka3 $142) 32... Kg7 33. Nc3 {[#]} d4 $1 {[%mdl 512]} 34. Rxd4 Rb6+ 35. Rb4 Rxb4+ 36. Kxb4 {[%mdl 4096] Endgame KQ-KRN} Qf2 37. Ka3 Qxf4 38. b4 Qxe5 39. Kb3 Qe6+ 40. Kc2 f5 41. b5 fxg4 42. hxg4 Qxg4 {Threatens to win with ...Qg2+.} 43. Rb1 Qf5+ 44. Kd2 Qf2+ 45. Kd3 {Now b6 and White clings on.} Qb6 46. Nd5 Qc5 47. Nc3 Qd6+ 48. Kc4 Qc7+ 49. Kd3 Qd6+ $2 {Accuracy: White = 34%, Black = 71%.} (49... h5 $19 50. b6 Qb7) 1/2-1/2

[Event "CZE Extraliga 2019-20"]
[Site "Czech Republic"]
[Date "2020.01.25"]
[Round "5.1"]
[White "Gelfand, Boris"]
[Black "Movsesian, Sergei"]
[Result "1/2-1/2"]
[WhiteElo "2686"]
[BlackElo "2654"]
[Annotator "TA"]
[PlyCount "49"]
[EventDate "2019.09.15"]
[EventType "team-tourn"]
[EventCountry "CZE"]
[SourceTitle "playchess.com"]
[Source "ChessBase"]
[SourceQuality "1"]

{[%evp 9,49,8,9,18,10,10,32,28,30,26,31,26,22,10,30,10,20,21,39,25,18,18,25,0,0,-22,-12,-38,-25,-57,-66,-60,-2,-43,-42,-41,0,0,0,-45,0,0]} 1. d4 Nf6 2. c4 e6 3. g3 d5 4. Bg2 Bb4+ 5. Nd2 a5 (5... O-O 6. Ngf3 dxc4 7. Qc2 a5 8. a3 Bxd2+ 9. Bxd2 b5 10. a4 c6 11. e4 h6 12. g4 e5 13. g5 hxg5 14. dxe5 g4 15. exf6 gxf3 16. fxg7 {1-0 (28) So,W (2760)-Karjakin,S (2754) Bucharest 2019}) 6. Ngf3 {E01: Catalan: Early deviations} O-O 7. O-O a4 8. a3 $146 {White is slightly better.} ({Predecessor:} 8. Qc2 Nc6 9. a3 {½-½ (61) Janik,I (2469)-Gajewski,G (2613) Warsaw 2019}) 8... Be7 9. Qc2 Nc6 10. Rd1 Bd7 11. e4 h6 12. e5 Nh7 $1 13. cxd5 exd5 14. Nb1 Be6 15. Nc3 Qd7 $1 16. Be3 ({Avoid the trap} 16. Nxa4 $2 Bf5 $19) 16... Na5 17. Re1 Nc4 18. Rad1 b5 (18... Bf5 {keeps more tension.} 19. Qc1 c6 20. h4 Bg4 21. Ne2 b5) 19. Na2 Bf5 20. Qc3 Be4 (20... c6 $15) 21. Nb4 Bxb4 22. Qxb4 Bc2 23. Rc1 Be4 24. Rcd1 Bc2 25. Rc1 {Accuracy: White = 62%, Black = 55%.} 1/2-1/2

[Event "CZE Extraliga 2019-20"]
[Site "Czech Republic"]
[Date "2020.01.25"]
[Round "5.1"]
[White "Nabaty, Tamir"]
[Black "Korobov, Anton"]
[Result "1/2-1/2"]
[WhiteElo "2658"]
[BlackElo "2679"]
[Annotator "TA"]
[PlyCount "93"]
[EventDate "2019.09.15"]
[EventType "team-tourn"]
[EventCountry "CZE"]
[SourceTitle "playchess.com"]
[Source "ChessBase"]
[SourceQuality "1"]

{[%evp 9,93,0,19,16,32,15,4,10,36,16,37,34,39,19,39,42,45,30,47,42,55,37,43,10,28,23,7,-54,-51,-72,-46,-56,-46,-62,-52,-52,-69,-48,-71,-106,-139,-103,-56,-56,-56,-60,-59,-60,0,0,15,0,7,8,9,0,29,0,0,0,0,0,0,0,0,0,0,0,0,0,0,0,0,0,4,0,0,0,0,0,0,0,0,0,0,0]} 1. e4 c5 2. Nf3 d6 3. d4 cxd4 4. Nxd4 Nf6 5. Bd3 g6 6. c4 {B55: Sicilian: 2...d6 3 d4 cxd4 4 Nxd4 Nf6 5 f3} Bg7 7. Nc3 Nc6 8. Nde2 Ne5 9. b3 $146 ({Predecessor:} 9. O-O O-O 10. b3 Bd7 11. Kh1 a6 12. Nd4 {0-1 (29) Yildiz Kadioglu,B (2308)-Hou,Y (2578) Rogaska Slatina 2011}) 9... Nxd3+ 10. Qxd3 O-O 11. Bb2 Nd7 12. O-O Nc5 13. Qd2 a5 14. Rad1 Be6 15. Nd4 Bd7 16. Rfe1 a4 17. b4 a3 18. Bc1 (18. bxc5 $11 axb2 19. cxd6) 18... Na4 $1 $15 19. Nd5 Bg4 20. f3 Be6 21. Ne3 b5 22. Nxb5 Qb6 23. Nd4 Rfc8 24. Bxa3 Bxc4 25. b5 Bxa2 26. Nc6 Rxc6 27. bxc6 Nc3 28. Qb2 Qxc6 ({Black should try} 28... Qxb2 $15 29. Bxb2 Nxd1 30. Nxd1 Rc8) 29. Rc1 $11 Qa6 30. Bb4 $36 {[%mdl 2048] Black is under pressure.} Nxe4 31. Qc2 Nf6 32. Ra1 Qb6 33. Bxd6 exd6 {The position is equal.} 34. Rxa2 Re8 35. Qd3 Bh6 {[%cal Re8e3]} 36. Rae2 Bxe3+ $1 37. Kf1 {[%cal Re2e3]} Bg1 $1 38. Rxe8+ Nxe8 39. Rxe8+ {[%mdl 4096] Endgame KQR-KQB} Kg7 {[%csl Gg1][%cal Rb6f2] [#]} 40. Qc3+ Bd4 $1 {[%cal Rd4c3]} 41. Qc4 Be5 42. g3 Qb1+ 43. Kg2 Qb2+ $1 44. Kh3 {[#] Black must now prevent Re7!} Qb7 $1 {[%cal Rb7d7] ...Qd7+ is the strong threat.} 45. Kg2 Qb2+ 46. Kh3 {aiming for Re7!} Qb7 $1 {[%cal Rb7d7] Hoping for ...Qd7+.} 47. Kg2 {Accuracy: White = 65%, Black = 63%.} 1/2-1/2

[Event "CZE Extraliga 2019-20"]
[Site "Czech Republic"]
[Date "2020.01.25"]
[Round "5.1"]
[White "Dragnev, Valentin"]
[Black "Rodshtein, Maxim"]
[Result "1/2-1/2"]
[WhiteElo "2550"]
[BlackElo "2684"]
[Annotator "TA"]
[PlyCount "120"]
[EventDate "2019.09.15"]
[EventType "team-tourn"]
[EventCountry "CZE"]
[SourceTitle "playchess.com"]
[Source "ChessBase"]
[SourceQuality "1"]

{[%evp 12,120,21,6,31,26,36,29,30,22,22,27,36,28,26,27,76,79,85,77,90,85,78,66,84,81,85,53,62,48,50,47,50,36,68,23,29,23,22,23,105,105,125,108,219,207,221,211,227,221,222,196,219,199,188,115,168,112,112,112,236,228,199,152,183,129,152,89,209,219,218,218,221,147,147,147,147,127,288,198,410,409,454,233,235,174,401,355,647,80,69,0,0,0,0,0,0,0,77,69,77,77,77,77,125,0,0,0,0,0,0]} 1. e4 e5 2. Nf3 Nc6 3. Bb5 Nf6 4. O-O Nxe4 5. Re1 Nd6 6. Nxe5 Be7 7. Bf1 O-O {C67: Ruy Lopez: Berlin Defence: 4 0-0 Nxe4} 8. Nf3 Nf5 9. d4 d5 {White has an edge.} 10. Nc3 Nh4 11. Nxh4 Bxh4 12. Ne2 Re8 13. c3 {[#]} Bg5 $146 ({Predecessor:} 13... Bf6 14. Bf4 Ne7 15. Ng3 {1-0 (38) Giri,A (2782)-Nakamura,H (2769) Leuven 2018}) 14. Bxg5 Qxg5 15. Qb3 Rd8 16. g3 Na5 17. Qa4 b6 18. Nf4 {Threatening mate with Re8+.} Bd7 19. Qb4 c6 20. Re3 Qf6 21. h4 Nb7 22. Nd3 Qd6 23. Qa4 Re8 24. Rxe8+ Bxe8 25. Re1 f6 (25... Qd8 $11 {remains equal.}) 26. Nf4 $36 {[%mdl 2048] White is really pushing.} Bd7 27. c4 g5 (27... Nd8 $16) 28. hxg5 $18 fxg5 29. Nd3 dxc4 30. Qxc4+ Kg7 {[#]} 31. d5 $1 {[%mdl 512]} Re8 (31... cxd5 32. Qd4+) 32. Rxe8 Bxe8 33. Qa4 (33. Qa6 $1 $18 {[%cal Ra6b7]} Qb8 34. Qa3) 33... Na5 (33... Qxd5 $16 {was worth a try.} 34. Qxa7 {[%mdl 64] Double Attack} c5) 34. b4 (34. Qd4+ $1 $18 Qf6 35. Ne5) 34... Nc4 $16 35. Qxa7+ Kh6 (35... Qd7 $16 36. Qb8 cxd5) 36. Qa8 $18 Bd7 37. Bg2 Bf5 38. Ne1 (38. dxc6 $18 Bxd3 39. Qc8) 38... cxd5 39. Qxd5 (39. Bxd5 $142 Ne5 40. a3) 39... Qxb4 (39... Qxd5 $16 {is a better defense.} 40. Bxd5 Na3) 40. Nf3 $1 ({Resist} 40. Qxf5 Qxe1+ 41. Kh2 Qe5) 40... Qc5 41. Qd8 {[%csl Gf3][%cal Rd8g5]} Bg6 42. Qf6 Qf5 43. Qe7 Qc5 44. Qd8 b5 $2 (44... g4 $16) 45. Bf1 Qf5 $2 (45... Kg7 {was necessary.} 46. Nxg5 Qd6) 46. Nd4 Qf7 47. Nxb5 (47. Bg2 $142 {Bd5 is the strong threat.} Bd3 48. a4) 47... Ne5 48. Nd6 Nf3+ $2 (48... Qxa2 49. Qf8+ Kh5) 49. Kh1 Qg7 $2 (49... Qd5 50. Qf8+ Kh5) 50. Qa8 $2 (50. g4 $18 {and the rest is easy.}) 50... g4 $16 51. Qa6 (51. Nc4 $1 $14) 51... Qf6 $11 52. Qb6 Qa1 {[%cal Ra1f1]} 53. Nf5+ Kh5 {[%cal Ra1f1]} 54. Ne3 Qxa2 (54... Be4 $11 {keeps the balance.}) 55. Qb5+ $1 $16 Ng5 56. Be2 {And now Kh2 would win.} Be4+ {[#]} 57. Kg1 $1 Qa1+ {[#]} 58. Nf1 (58. Bd1 $1 $16) 58... Qf6 $11 {The position is equal.} 59. Qe8+ Bg6 60. Qb5 {Threatens to win with Ne3.} Qf5 {Accuracy: White = 59%, Black = 42%.} 1/2-1/2

[Event "CZE Extraliga 2019-20"]
[Site "Czech Republic"]
[Date "2020.01.25"]
[Round "5.2"]
[White "Azarov, Sergei"]
[Black "Plat, Vojtech"]
[Result "1-0"]
[WhiteElo "2586"]
[BlackElo "2576"]
[Annotator "TA"]
[PlyCount "101"]
[EventDate "2019.09.15"]
[EventType "team-tourn"]
[EventCountry "CZE"]
[SourceTitle "playchess.com"]
[Source "ChessBase"]
[SourceQuality "1"]

{[%evp 10,101,37,39,66,62,75,53,115,81,93,50,116,106,119,125,176,170,172,185,181,119,127,124,139,141,132,133,212,205,223,217,209,196,212,177,227,237,234,233,228,233,237,237,257,250,295,291,304,283,288,270,269,262,371,333,367,367,377,371,370,363,366,350,348,347,348,341,339,337,342,328,411,404,399,384,397,400,508,484,568,598,598,589,562,562,666,646,645,566,714,708,618,583]} 1. e4 e5 2. Nf3 Nc6 3. Bb5 a6 4. Ba4 g6 5. d4 exd4 6. Nxd4 Qe7 {C70: Ruy Lopez: 3...a6 4 Ba4, Norwegian and Delayed Schliemann} (6... Bg7 7. Nxc6 bxc6 8. Nc3 Ne7 9. Be3 O-O 10. Qd2 d5 11. O-O-O Rb8 12. Bh6 Qd6 13. Bb3 dxe4 14. Bxg7 Qxd2+ 15. Rxd2 Kxg7 16. Nxe4 {1-0 (55) Nyzhnyk,I (2649)-Gareyev,T (2584) Las Vegas 2019}) 7. O-O Bg7 8. Nf3 $146 ({Predecessor:} 8. c3 Nf6 9. e5 Ne4 10. Re1 Nc5 11. Bc2 O-O 12. f4 Re8 13. b4 Ne6 14. Nxe6 fxe6 {½-½ (59) Narendran,G (2127)-Sredojevic,I (2211) Novi Sad 2019}) 8... Nf6 {[#]} (8... Qd8 $14) 9. e5 $1 $16 {[%cal Re5f6]} Ng4 10. Bg5 Qb4 (10... Qc5 $14) 11. Nc3 {Threatens to win with Nd5.} O-O 12. Bb3 Ngxe5 (12... Qc5 $16 {was called for.}) 13. Nxe5 $18 Bxe5 {[#]} 14. Nd5 $1 {[%cal Rd5b4]} Qd4 15. Re1 (15. Qf3 $18) 15... d6 $16 16. Qxd4 Bxd4 17. Nxc7 Rb8 18. c3 Bc5 (18... Bg7 $16 19. Rad1 Bf5 20. Rxd6 Rbc8) 19. Bh6 $18 Ne5 20. Bxf8 Kxf8 21. Rad1 Bf5 22. Rd2 Kg7 23. Bc2 Rc8 24. Bxf5 Rxc7 25. Be4 a5 26. a4 f5 27. Bd5 Kf6 28. g3 g5 29. Kg2 f4 30. gxf4 gxf4 31. Rg1 Kg5 (31... Rg7+ {might work better.} 32. Kf1 Rxg1+ 33. Kxg1 b6) 32. Kh3+ Kf5 33. Rg8 Re7 34. Rf8+ Kg5 35. f3 Ng6 36. Rf7 Rxf7 37. Bxf7 {[%mdl 4096] Endgame KRB-KBN} Ne5 38. Bd5 b6 39. Be4 Kf6 40. b3 Ke6 41. Kh4 Be3 42. Rd5 Nd7 43. Rb5 Nc5 44. Bxh7 {White is clearly winning.} Bd2 45. Bg8+ Ke7 46. Rxb6 Bxc3 47. Kg5 Kd7 48. Bd5 Kc7 49. Rb5 Nd7 50. h4 Bf6+ 51. Kg4 {Accuracy: White = 86%, Black = 40%.} 1-0

[Event "CZE Extraliga 2019-20"]
[Site "Czech Republic"]
[Date "2020.01.25"]
[Round "5.2"]
[White "Hracek, Zbynek"]
[Black "Balogh, Csaba"]
[Result "1/2-1/2"]
[WhiteElo "2572"]
[BlackElo "2587"]
[Annotator "TA"]
[PlyCount "56"]
[EventDate "2019.09.15"]
[EventType "team-tourn"]
[EventCountry "CZE"]
[SourceTitle "playchess.com"]
[Source "ChessBase"]
[SourceQuality "1"]

{[%evp 9,56,18,25,25,24,25,13,10,22,4,4,2,9,5,9,13,15,0,0,-7,0,-76,-61,-120,-59,-137,-116,-129,-123,-119,-119,-128,86,91,89,110,213,214,207,119,112,111,117,106,92,0,0,0,0]} 1. e4 e5 2. Nf3 Nc6 3. Bb5 Nf6 4. d3 Bc5 5. Bxc6 dxc6 6. O-O {C65: Ruy Lopez: Berlin Defence (3...Nf6), unusual lines and 4 0-0 Bc5} Qe7 7. Nbd2 Bg4 8. h3 Bh5 9. Nc4 Nd7 10. Bd2 a6 $146 ({Predecessor:} 10... f6 11. b4 Bxb4 12. Bxb4 Qxb4 13. Rb1 Qe7 14. Rxb7 {½-½ (21) Naiditsch,A (2721)-Howell,D (2689) Batumi 2018}) 11. Rb1 f6 12. b4 Ba7 13. Ne3 Bxe3 14. Bxe3 Nf8 15. g4 (15. a4 $11) 15... Bf7 $17 16. a3 (16. a4 $15) 16... h5 (16... Ba2 $17 17. Rb2 Bf7) 17. Nh4 (17. g5 $1 $15) 17... hxg4 18. Nf5 {[%mdl 64] Double Attack} Qd7 {And now ...Be6 would win.} 19. Nxg7+ Kd8 20. d4 {White wants to play dxe5.} (20. hxg4 $2 Bg6 $19) 20... gxh3 $2 (20... Ba2 $1 $17 {[%cal Ra2b1] stays on course.} 21. dxe5 Bxb1) 21. dxe5 $16 Bd5 22. Kh2 $1 $36 {[%mdl 2048] Black is under strong pressure.} ({But not} 22. exf6 Bxe4 23. Qxd7+ Nxd7 $11) 22... Bxe4 (22... Qxg7 $16 {might work better.} 23. Rg1 Qe7) 23. e6 $1 $18 {[%cal Re6d7]} Qd6+ 24. Bf4 ({White should try} 24. f4 $1 $18 Kc8 25. Bc5 (25. Qxd6 cxd6 26. Bd4 Rh7 $16) 25... Qxd1 26. Rbxd1 Nxe6 27. Nxe6) 24... Qxd1 $16 25. Rbxd1+ Ke7 {Threatens to win with ...Rh7.} 26. Rfe1 Bxc2 {[#]} 27. Bxc7 (27. Be3 $1 $16 {[%cal Re3c5][%mdl 512]} b6 28. Rc1) 27... Bxd1 $11 28. Nf5+ Ke8 {Accuracy: White = 52%, Black = 49%.} 1/2-1/2

[Event "CZE Extraliga 2019-20"]
[Site "Czech Republic"]
[Date "2020.01.25"]
[Round "5.2"]
[White "Gazik, Viktor"]
[Black "Wojtaszek, Radoslaw"]
[Result "1/2-1/2"]
[WhiteElo "2537"]
[BlackElo "2739"]
[Annotator "TA"]
[PlyCount "45"]
[EventDate "2019.09.15"]
[EventType "team-tourn"]
[EventCountry "CZE"]
[SourceTitle "playchess.com"]
[Source "ChessBase"]
[SourceQuality "1"]

{[%evp 12,45,7,0,12,12,16,17,50,40,36,35,38,0,0,0,23,22,33,24,33,28,30,31,27,27,31,25,25,26,42,38,72,46,52,37]} 1. e4 c6 2. Nc3 d5 3. Nf3 Bg4 4. h3 Bxf3 5. Qxf3 e6 6. d3 Nd7 7. Be2 Bc5 {B11: Caro-Kann: Two Knights Variation} 8. Qg3 Bd4 9. Be3 $146 ({Predecessor:} 9. Nd1 Ne7 10. c3 Bf6 11. O-O Qb6 12. Ne3 g6 13. d4 Bg7 14. a4 Qd8 15. exd5 cxd5 {1-0 (69) Bortnyk,O (2580)-Kovalenko,I (2656) Yerevan 2017}) 9... Bxe3 {The position is equal.} 10. fxe3 g6 11. d4 f5 12. exf5 exf5 13. O-O-O Ne7 14. Rdf1 Qb8 15. Qg5 h6 16. Qh4 Qd6 17. g4 O-O-O 18. Bd3 {[%cal Rg4f5]} Rdf8 19. gxf5 Nxf5 20. Bxf5 gxf5 21. Rhg1 Qe6 22. Nd1 Rhg8 23. Qf4 {Accuracy: White = 89%, Black = 56%.} 1/2-1/2

[Event "CZE Extraliga 2019-20"]
[Site "Czech Republic"]
[Date "2020.01.25"]
[Round "5.2"]
[White "Ftacnik, Lubomir"]
[Black "Shengelia, David"]
[Result "0-1"]
[WhiteElo "2520"]
[BlackElo "2531"]
[Annotator "ChessBase"]
[PlyCount "102"]
[EventDate "2019.09.15"]
[EventType "team-tourn"]
[EventCountry "CZE"]
[SourceTitle "playchess.com"]
[Source "ChessBase"]
[SourceQuality "1"]
[TimeControl "40/5400+30:1800+30"]

1. Nf3 {[%emt 0:00:00]} Nf6 {[%emt 0:00:00]} 2. c4 {[%emt 0:00:00]} b6 {[%emt 0:00:40]} 3. g3 {[%emt 0:00:00]} Bb7 {[%emt 0:00:14]} 4. Bg2 {[%emt 0:00:07]} g6 {[%emt 0:00:51]} 5. O-O {[%emt 0:01:30]} Bg7 {[%emt 0:00:09]} 6. Nc3 {[%emt 0:00:33]} O-O {[%emt 0:00:46]} 7. d4 {[%emt 0:05:43]} Ne4 {[%emt 0:00:55]} 8. Nxe4 {[%emt 0:00:28]} Bxe4 {[%emt 0:00:04]} 9. Be3 {[%emt 0:00:17]} d5 {[%emt 0:00:47]} 10. Qc1 {[%emt 0:02:47]} Nc6 {[%emt 0:11:21]} 11. Rd1 {[%emt 0:00:48]} Qd7 {[%emt 0:25:34]} 12. cxd5 {[%emt 0:31:17]} Qxd5 {[%emt 0:02:51]} 13. Bh6 {[%emt 0:00:31]} Rfd8 {[%emt 0:10:55]} 14. Bxg7 {[%emt 0:00:18]} Kxg7 {[%emt 0:00:04]} 15. Qc3 {[%emt 0:14:10]} Rd6 {[%emt 0:04:58]} 16. Ne1 {[%emt 0:09:02]} Bxg2 {[%emt 0:01:42]} 17. Nxg2 {[%emt 0:00:02]} Qa5 {[%emt 0:18:12]} 18. Qxa5 {[%emt 0:03:28]} bxa5 {[%emt 0:00:09]} 19. d5 {[%emt 0:08:29]} Rad8 {[%emt 0:05:10]} 20. e4 {[%emt 0:01:44]} e6 {[%emt 0:00:59]} 21. Ne3 {[%emt 0:01:30]} exd5 {[%emt 0:00:25]} 22. Rxd5 {[%emt 0:03:44]} Rb8 {[%emt 0:10:16]} 23. Rc1 {[%emt 0:04:17]} Re6 {[%emt 0:00:29]} 24. b3 {[%emt 0:04:14]} a4 {[%emt 0:00:16]} 25. bxa4 {[%emt 0:02:04]} Rb4 {[%emt 0:01:45]} 26. Rdc5 {[%emt 0:02:33]} Ne5 {[%emt 0:01:18]} 27. Rxc7 {[%emt 0:01:58]} Rxa4 {[%emt 0:00:14]} 28. Rb1 {[%emt 0:00:24]} Rxa2 {[%emt 0:01:03]} 29. Rbb7 {[%emt 0:00:06]} Rf6 {[%emt 0:00:52]} 30. Rc2 {[%emt 0:01:18]} Nf3+ {[%emt 0:00:06]} 31. Kf1 {[%emt 0:00:19]} Ra1+ {[%emt 0:00:20]} 32. Ke2 {[%emt 0:00:02]} Nd4+ {[%emt 0:00:14]} 33. Kd3 {[%emt 0:00:06]} Nxc2 {[%emt 0:00:30]} 34. Nxc2 {[%emt 0:00:01]} Rh1 {[%emt 0:01:37]} 35. f4 {[%emt 0:00:41]} Rxh2 {[%emt 0:00:40]} 36. Nd4 {[%emt 0:01:06]} Rg2 {[%emt 0:00:40]} 37. e5 {[%emt 0:00:31]} Rxg3+ {[%emt 0:00:27]} 38. Ke4 {[%emt 0:00:01]} Rb6 {[%emt 0:00:23]} 39. Rxa7 {[%emt 0:00:07]} Rg1 {[%emt 0:00:27]} 40. f5 {[%emt 0:00:52]} Re1+ {[%emt 0:00:22]} 41. Kd5 {[%emt 0:31:57]} gxf5 {[%emt 0:16:16]} 42. Nxf5+ {[%emt 0:00:00]} Kg6 {[%emt 0:00:11]} 43. Nd6 {[%emt 0:00:00]} Rd1+ {[%emt 0:08:31]} 44. Kc5 {[%emt 0:00:00]} Rb2 {[%emt 0:00:32]} 45. Kc4 {[%emt 0:00:00]} Rc2+ {[%emt 0:00:38]} 46. Kb3 {[%emt 0:00:00]} Rc6 {[%emt 0:03:12]} 47. Nxf7 {[%emt 0:00:00]} Rb1+ {[%emt 0:00:06]} 48. Ka2 {[%emt 0:00:00]} Rbb6 {[%emt 0:01:16]} 49. Rd7 {[%emt 0:00:00]} Rb8 {[%emt 0:00:21]} 50. Ra7 {[%emt 0:00:00]} h5 {[%emt 0:00:56]} 51. Nd6 {[%emt 0:00:55]} h4 {[%emt 0:00:09]} 0-1

[Event "CZE Extraliga 2019-20"]
[Site "Czech Republic"]
[Date "2020.01.25"]
[Round "5.3"]
[White "Laznicka, Viktor"]
[Black "Malinovsky, Karel"]
[Result "1/2-1/2"]
[WhiteElo "2667"]
[BlackElo "2478"]
[Annotator "TA"]
[PlyCount "129"]
[EventDate "2019.09.15"]
[EventType "team-tourn"]
[EventCountry "CZE"]
[SourceTitle "playchess.com"]
[Source "ChessBase"]
[SourceQuality "1"]

{[%evp 9,129,0,0,0,0,0,0,-16,2,22,7,2,15,22,32,29,35,29,46,0,53,46,47,41,46,47,35,43,37,34,30,29,82,75,85,71,72,82,77,85,95,89,168,181,175,180,166,166,169,148,137,118,310,189,168,175,152,118,156,137,257,250,250,250,250,250,250,250,265,229,231,232,234,226,221,183,169,170,174,160,220,215,209,151,213,210,221,191,208,169,262,131,104,104,175,8,8,0,8,0,0,0,0,0,0,0,0,0,0,0,0,0,0,0,0,0,0,0,0,0,0,-90]} 1. d4 d5 2. Nf3 Nf6 3. Bf4 c5 4. e3 Nc6 5. dxc5 (5. Nbd2 cxd4 6. exd4 Qb6 7. Nb3 Bf5 8. Be2 e6 9. O-O Be7 10. a4 a6 11. a5 Qd8 12. Ne5 Rc8 {1-0 (41) Carlsen,M (2872)-Kramnik,V (2753) Moscow 2019}) 5... e6 6. c4 {D02: 1 d4 d5 2 Nf3 sidelines, including 2...Nf6 3 g3 and 2...Nf6 3 Bf4} Bxc5 7. Nc3 O-O 8. a3 a6 9. Qc2 Qa5 10. Nd2 Be7 $146 ({Predecessor:} 10... Bb4 11. Bd3 d4 12. Nb3 Bxc3+ 13. bxc3 Qxc3+ 14. Qxc3 dxc3 15. Rc1 e5 {½-½ (50) Konya,L (2130)-Hegedus,I Hungary 2002}) 11. Be2 d4 12. Nb3 $1 {[%csl LRa5,LRd4]} Qb6 13. Na4 Qd8 14. exd4 Nxd4 (14... b5 $1 $11 15. cxb5 axb5 16. Qxc6 Bd7) 15. Nxd4 $14 Qxd4 16. Be3 Qe5 17. Nb6 Rb8 18. Rd1 Bc5 19. Qb3 Bxe3 20. Qxe3 Qc7 ({Don't go for} 20... Qxb2 $2 21. O-O $18) (20... Qxe3 $11 {keeps the balance.} 21. fxe3 e5) 21. b4 $16 Bd7 22. O-O Bc6 23. a4 {[%cal Ba3a4,Ba4a5,Ba5b6][%mdl 32]} Nd7 24. a5 Nxb6 25. axb6 Qe7 (25... Qc8 $16) 26. b5 $36 {[%mdl 2048] White is on the roll.} axb5 27. cxb5 Bd7 28. Rc1 Rfd8 29. Rc7 Qb4 {[#]} 30. Qf3 $1 Qb2 $2 (30... Be8 $16) 31. Rxb7 Be8 {...Rxb7 is the strong threat.} ({Of course not} 31... Rxb7 32. Qxb7 Bxb5 33. Qc7 $18) 32. Rxb8 Rxb8 33. Qd3 {Hoping for Qd6.} Qe5 34. Rc1 Rxb6 {[#]} (34... g6 $16 35. b7 Rxb7) 35. Rc8 $1 {[%cal Rc8e8][%mdl 512]} Rb8 36. Qd8 {[%cal Rd8e8]} Rxc8 37. Qxc8 {[%cal Rc8e8]} Kf8 38. Bf1 Qd6 39. h3 Ke7 40. Qb7+ Qd7 41. Qa6 {Strongly threatening b6.} Qd5 42. Qa3+ Kf6 43. Qc3+ e5 44. Qb4 Bd7 (44... g6 $16 45. Qh4+ Kg7) 45. Qh4+ Kg6 46. Qd8 Be6 {[#]} (46... e4 $16 {is a better defense.} 47. Qb6+ f6) 47. Qc7 $1 {And now b6 would win.} Qe4 48. Qc3 {aiming for Bd3.} Kf6 49. Bd3 Qb7 (49... Qd4 $142 50. Qxd4 exd4) 50. Qc5 (50. Qb4 $18) 50... Qd5 $16 51. Qe3 {Black must now prevent b6.} Bc8 (51... Bd7 $16) 52. b6 $2 ({Not} 52. Bxh7 g6 $17) ({White should try} 52. Qe4 $18 Bb7 53. Qh4+ g5 54. Qh6+ Ke7 55. Qxg5+ Ke8 56. Bf1) 52... Bb7 $1 $11 {[%csl Gb7][%cal Rd5g2] The position is equal.} 53. f3 Qb3 54. Kf2 Qb2+ 55. Be2 Ba6 56. f4 exf4 $1 57. Qxf4+ Kg6 58. Qe4+ Kf6 59. Qf4+ Kg6 60. Qe4+ Kf6 61. Qc6+ Ke7 62. Qc5+ Ke8 63. Qc6+ Ke7 64. Qc5+ Ke8 65. Qe3+ {Accuracy: White = 58%, Black = 57%.} (65. Qc6+ $11 Ke7) 1/2-1/2